The Linen cupboard / (Record no. 358042)
[ view plain ]
| 000 -LEADER | |
|---|---|
| fixed length control field | 00605nam a2200241Ia 4500 |
| 008 - FIXED-LENGTH DATA ELEMENTS--GENERAL INFORMATION | |
| fixed length control field | 180620s9999 xx 000 0 und d |
| 020 ## - INTERNATIONAL STANDARD BOOK NUMBER | |
| International Standard Book Number | 1-57076-115-9 |
| 050 ## - LIBRARY OF CONGRESS CALL NUMBER | |
| Classification number | REF TT 751 |
| 050 ## - LIBRARY OF CONGRESS CALL NUMBER | |
| Item number | .N53 1998 |
| 100 ## - MAIN ENTRY--PERSONAL NAME | |
| Personal name | Nicol, Gloria. |
| 245 #4 - TITLE STATEMENT | |
| Title | The Linen cupboard / |
| 245 #0 - TITLE STATEMENT | |
| Statement of responsibility, etc | Gloria Nicol. |
| 260 ## - PUBLICATION, DISTRIBUTION, ETC. (IMPRINT) | |
| Place of publication, distribution, etc | North Pomfret, Vt : |
| 260 ## - PUBLICATION, DISTRIBUTION, ETC. (IMPRINT) | |
| Name of publisher, distributor, etc | Trafalgar Square Publishing, |
| 260 ## - PUBLICATION, DISTRIBUTION, ETC. (IMPRINT) | |
| Date of publication, distribution, etc | 1998 |
| 300 ## - PHYSICAL DESCRIPTION | |
| Extent | 80 pages : |
| 300 ## - PHYSICAL DESCRIPTION | |
| Other physical details | colored illustrations ; |
| 300 ## - PHYSICAL DESCRIPTION | |
| Dimensions | 24 cm. |
| 500 ## - GENERAL NOTE | |
| General note | Includes index. |
| 650 ## - SUBJECT ADDED ENTRY--TOPICAL TERM | |
| Topical term or geographic name as entry element | Fancy work. |
| 650 ## - SUBJECT ADDED ENTRY--TOPICAL TERM | |
| Topical term or geographic name as entry element | Household linens. |
| 650 ## - SUBJECT ADDED ENTRY--TOPICAL TERM | |
| General subdivision | Needlework. |
| Withdrawn status | Lost status | Damaged status | Home library | Current library | Shelving location | Date acquired | Total Checkouts | Full call number | Barcode | Date last seen | Price effective from | Koha item type |
|---|---|---|---|---|---|---|---|---|---|---|---|---|
| South Mansfield College | South Mansfield College | Reference Section | 03/07/2005 | REF TT 751 .N53 1998 | SMC01956 | 06/20/2018 | 06/20/2018 |